| 000 | 00416nam a2200169Ia 4500 | ||
|---|---|---|---|
| 003 | IT-RoPAU | ||
| 008 | 120407s9999 xx 000 0 und d | ||
| 040 | _aIT-RoPAU | ||
| 040 | _cIT-RoPAU | ||
| 100 | _aJ. Andres Vela | ||
| 245 | _aEncuentros de promocion comunitaria. Materia practico para su realizacion | ||
| 260 | _aIndo American | ||
| 300 | _c cm | ||
| 490 | _v1 | ||
| 700 | _aJulian Ibanez | ||
| 942 | _cBK | ||
| 999 |
_c6940 _d6940 |
||